|
|
|
|
| LEADER |
00815nam a22001577a 4500 |
| 008 |
171211b xxu||||| |||| 00| 0 eng d |
| 020 |
|
|
|a 9781462519439
|
| 082 |
|
|
|a 371.1024
|
| 100 |
|
|
|a Simonsen, Brandi and Myers, Diane
|
| 245 |
|
|
|a Classwide positive behavior interventions and supports :
|b a guide to proactive classroom management /
|c Brandi Simonsen and Diane Myers .
|
| 260 |
|
|
|a New York:
|b Guilford Press,
|c c2015.
|
| 300 |
|
|
|a xi, 244p. ;
|c 26cm.
|
| 650 |
|
7 |
|2 fast
|9 1139370
|a Problem children
|v Behavior modification--School psychology
|x Behavior disorders in children
|
| 942 |
|
|
|c BK
|
| 999 |
|
|
|c 282942
|d 282942
|
| 952 |
|
|
|0 0
|1 0
|2 ddc
|4 0
|6 371_102400000000000_SIM_C
|7 0
|9 320756
|a LLE
|b LLE
|c ST1
|d 2017-10-08
|e The Book Shop Publication Division University of Calicut
|g 1680.84
|i 2751
|o 371.1024 SIM/ C
|p LLE2751
|r 2017-12-11
|v 2334.50
|y BK
|